000 00322nam a2200145Ia 4500
008 220204s9999 xx 000 0 und d
082 _a633.72
_bEDE
100 _aEDEN, T
245 0 _aTea
250 _aEd.3
260 _aLondon
_bLongman
_c1965
490 _aTropical agriculture series
650 _aTea
942 _cBK
999 _c27205
_d27205